000 00338nam a2200145Ia 4500
008 150201s2009 xx 000 0 und d
082 _a612
_bP2009K
100 _aKAPANDJI
245 _aTHE PHYSIOLOGY OF THE JOINTS -2
250 _a6TH
260 _bELSEVIER
_aDELHI
_c2009
300 _a1-241
650 _aPHYSIOLOGY
942 _2ddc
_cBK
999 _c4335
_d4335